Statystyki dla Miasta Europy o ludności powyżej 100 000 na literę A

Kliknij tutaj aby rozwiązać quiz!

Ogólne statystyki

  • Ten quiz został rozwiązany 122 razy
    (121 od ostatniego zresetowania)
  • Średni wynik to 12 z 51

Statystyki odpowiedzi

PaństwoLudnośćMiasto% Poprawnych
Holandia872 779Amsterdam
94%
Grecja664 046Ateny
91%
Turcja3 832 981Ankara
89%
Belgia523 248Antwerpia
88%
Dania269 022Aarhus
63%
Turcja798 507Antalya
57%
Hiszpania288 481Alicante
56%
Dania113 417Aalborg
54%
Niemcy244 951Akwizgran
50%
Niemcy263 313Augsburg
45%
Holandia150 305Arnhem
41%
Francja136 105Amiens
37%
Rosja349 772Archangielsk
34%
Wielka Brytania184 788Aberdeen
33%
Francja152 337Angers
33%
Hiszpania242 458A Coruna
32%
Rosja498 953Astrachań
30%
Hiszpania170 994Almeria
28%
Włochy102 521Ankona
27%
Hiszpania152 115Albacete
25%
Holandia102 530Alkmaar
25%
Turcja1 392 490Adana
20%
Portugalia175 136Amadora
20%
Holandia211 840Almere
17%
Belgia118 382Anderlecht
17%
Rumunia172 824Arad
14%
Hiszpania149 594Alcorcon
13%
Holandia146 533Amersfoort
12%
Holandia151 341Apeldoorn
11%
Ukraina119 193Ałczewsk
7%
Hiszpania106 710Algeciras
7%
Rosja163 980Abakan
6%
Francja142 534Aix-en-Provence
5%
Rosja190 703Armawir
5%
Hiszpania179 602Alcala de Henares
4%
Portugalia109 800Almada
4%
Rosja245 699Angarsk
3%
Rosja112 729Aczyńsk
2%
Turcja189 912Antiochia
2%
Francja102 683Argenteuil
2%
Turcja163 571Afyonkarahisar
1%
Turcja154 721Aksaray
1%
Rosja141 675Almietjewsk
1%
Rosja106 824Arzamas
1%
Turcja171 816Aydin
1%
Grecja100 723Acharnes
0%
Turcja391 102Adapazan
0%
Turcja197 014Adiyaman
0%
Turcja100 180Agri
0%
Holandia110 986Alphen aan den Rijn
0%
Rosja102 308Artiom
0%

Rozkład punktacji

Percentyl według liczby udzielonych odpowiedzi

Procent ludzi z każdym wynikiem

Twoja historia wyników

Nie rozwiązałeś tego quizu od ostatniego zresetowania